Do cestovního ruchu se musí investovat.

Rozhovor s predsedom Asociácie českých súkromných kancelárií o cieľoch Asociácie, o ochrane čs. občanov v zahraničí, o problémoch práce v oblasti cestovného ruchu a o tom, ako Asociácia prispieva ku zvýšeniu čs. aktívneho zahraničného cestovného ruchu.

Salvato in:
Dettagli Bibliografici
Autore principale: Josífko, J.
Natura: Capitolo di libro
Lingua:ceco
Soggetti:
Tags: Aggiungi Tag
Nessun Tag, puoi essere il primo ad aggiungerne!!

MARC

LEADER 00000naa a2200000 4500
001 r007807
005 20220831083605.2
041 0 |a cze 
044 |a [CS] 
245 1 0 |a Do cestovního ruchu se musí investovat.  |c J. Josífko 
520 |a Rozhovor s predsedom Asociácie českých súkromných kancelárií o cieľoch Asociácie, o ochrane čs. občanov v zahraničí, o problémoch práce v oblasti cestovného ruchu a o tom, ako Asociácia prispieva ku zvýšeniu čs. aktívneho zahraničného cestovného ruchu. 
610 2 0 |a Čechy 
610 2 0 |a ruch cestovný 
610 2 0 |a Asociace českých soukromých cestovních kanceláří 
100 1 |a Josífko, J.